Historia mexicana (Record no. 5371)

MARC details
000 -CABECERA
campo de control de longitud fija 01192nam a2200217 a 4500
001 - NÚMERO DE CONTROL
campo de control BRCA_5678
005 - FECHA Y HORA DE LA ÚLTIMA TRANSACCIÓN
campo de control 20190320205158.0
008 - DATOS DE LONGITUD FIJA--INFORMACIÓN GENERAL
campo de control de longitud fija 180211s1951----mx-#######---#000-0#spa-#
041 ## - CÓDIGO DE LENGUA
Código de lengua del texto/banda sonora o título independiente spa
050 #4 - SIGNATURA TOPOGRÁFICA DE LA BIBLIOTECA DEL CONGRESO
Número de documento/Ítem H57 1951
245 10 - MENCIÓN DE TÍTULO
Título Historia mexicana
Mención de responsabilidad, etc. El Colegio de México.
260 ## - PUBLICACIÓN, DISTRIBUCIÓN, ETC.
Lugar de publicación, distribución, etc. México
Nombre del editor, distribuidor, etc. El Colegio de México
Fecha de publicación, distribución, etc. 1951
300 ## - DESCRIPCIÓN FÍSICA
Extensión 80 fascículos
440 #0 - MENCIÓN DE SERIE/PUNTO DE ACCESO ADICIONAL--TÍTULO
Título Revista Mexicana
Número de parte o sección de la obra Nª1, Nª2, Nª3, Nª4, Nª5, Nª6, Nª7, Nª8, Nª9, Nª10, Nª11, Nª12, Nª13, Nª14, Nª15, Nª16, Nª17, Nª18, Nª19, Nª20, Nª21, Nª21, Nª22, Nª23, Nª24, Nª25, Nª26, Nª27, Nª28, Nª29, Nª30, Nª31, Nª32, Nª33, Nª34, Nª35, Nª36, Nª37, Nª38, Nª39, Nª40, Nª41, Nª42, Nª43, Nª44, Nª45, Nª46, Nª47, Nª48, Nª50, Nª51,Nª52, Nª53, Nª54, Nª55, Nª56, Nª57, Nª58, Nª59, Nª60, Nª61, Nª62, Nª63, Nª64, Nª65, Nª66, Nª67, Nª68, Nª69, Nª70, Nª71, Nª72, Nª73, Nª74, Nª75, Nª76, Nª77, Nª78, Nª79, Nª80
9 (RLIN) 14428
500 ## - NOTA GENERAL
Nota general El ejemplar Nª6 está duplicado; falta el Ejemplar Nª49; índice.
500 ## - NOTA GENERAL
Nota general Revista inventariada por Banco de México como libro
500 ## - NOTA GENERAL
Nota general F148
650 14 - PUNTO DE ACCESO ADICIONAL DE MATERIA--TÉRMINO DE MATERIA
Término de materia o nombre geográfico como elemento de entrada Historia
Subdivisión geográfica México
9 (RLIN) 10416
902 ## - CATALOGADOR
Iniciales GFM
942 ## - ELEMENTOS DE PUNTO DE ACCESO ADICIONAL (KOHA)
Fuente del sistema de clasificación o colocación Library of Congress Classification
Tipo de ítem Koha Libros
Holdings
Estado de retiro Estado de pérdida Estado dañado No para préstamo Localización permanente Ubicación/localización actual Fecha de adquisición Número de inventario Total de préstamos Signatura topográfica completa Código de barras Fecha visto por última vez Precio válido a partir de Tipo de ítem Koha
El ejemplar forma parte de la colección y puede ser consultado según las políticas vigentes.       Biblioteca del Museo Franz Mayer (Rogerio Casas-Alatriste) Biblioteca del Museo Franz Mayer (Rogerio Casas-Alatriste) 18/02/2011 F148   H57 1951 (F148) 6114 22/03/2019 22/03/2019 Libros